000 00695nam a2200205Ii 4500
003 JO-AjNU
008 230605s9999||||xx |||||||||||||| ||und||
040 _aJO-AjNU
_bara
_erda
_cJO-AjNU
041 _aara
050 1 4 _aBP190.5.K5.G4498 1995
100 3 _aغيظان، يوسف علي محمود,
_eauthor
_941452
245 0 0 _aعقوبة القتل في الشريعة الإسلامية
250 _aط1
264 3 1 _aعمان: دار الفكر للطباعة والنشر والتوزيع، 1995
300 _a426ص
336 _atext
_btxt
_2rdacontent
337 _aunmediated
_bn
_2rdamedia
338 _avolume
_bnc
_2rdacarrier
650 4 _aالقتل في الاسلام
_941453
999 _aA17674
_c21242
_d21242